| 000 | 00617nam a2200229Ia 4500 | ||
|---|---|---|---|
| 003 | OSt | ||
| 005 | 20250829101035.0 | ||
| 008 | 210210b2010 xxu||||| |||| 00| 0 eng d | ||
| 020 | _a9781891389627 | ||
| 040 | _cAL | ||
| 041 | _aeng | ||
| 082 | _a530.12 TOWQ | ||
| 100 |
_aJohn S Townsend _9237520 |
||
| 245 |
_aQuantum physics _b: a fundamental approach to modern physics |
||
| 260 |
_aCalifornia _bUniverstiy Science Books _c2010 |
||
| 300 | _axiv,411p | ||
| 650 |
_aschrodinger equation _9237522 |
||
| 650 |
_aphysics _9237524 |
||
| 690 |
_aQuantum Mechanics _9237529 |
||
| 906 | _a065290 | ||
| 942 |
_2ddc _cBK |
||
| 999 |
_c142484 _d142484 |
||